01701nab a22002537a 4500999001500000003000400015005001700019008004100036040000700077100004100084245017900125260007300304300001400377500007200391505055100463505008901014650003501103650004401138650004501182650003601227650003201263773013901295942001301434 c5679d5679OSt20251226232039.0190603e xxum|||| |||| 00| 0 spa d cPJ 91874aPaolantonio, Martín Esteban 10aObligaciones dinerarias : bindexación y moneda extranjera desde la perspectiva del análisis económico del derecho y la libertad contractual /cMartín E. Paolantonio  cCiudad Autónoma de Buenos Aires :aThomson Reuters La Ley, b2025. ap. 96-125 aCita: TR LALEY AR/DOC/1759/2025 Publicado en: RCCyC 2025 (agosto). aSumario: I. Introducción. Obligaciones de dar sumas de dinero y obligaciones dinerarias. Plan de trabajo.— II. La represión contractual como un derivado de la represión financiera.— III. El contenido de la represión contractual: indexación y moneda extranjera.— IV. La cuestión de los costos de transacción: introducción.— V. Deudas dinerarias en moneda extranjera: antecedentes y situación actual.— VI. Deudas dinerarias e indexación: antecedentes y situación actual.— VII. A modo de recapitulación y cierre.  t¿Te interesa el texto completo? Solicitalo al correo: koha@justierradelfuego.gov.ar 091497aCODIGO CIVIL Y COMERCIAL 092068aOBLIGACIONES EN MONEDA EXTRANJERA 09530aOBLIGACIONES DE DAR SUMAS DE DINERO 093790aACTUALIZACIÓN MONETARIA 096629aMONEDA DE CURSO LEGAL0 0271393170dCiudad Autónoma de Buenos Aires : Thomson Reuters La Ley, 2015-tRevista Código Civil y Comercial. Nº 4 - Agosto 2025 2udccANA